| 000 | 00932nam a22002537a 4500 | ||
|---|---|---|---|
| 999 |
_c7351 _d7351 |
||
| 003 | AR-CdUCM | ||
| 008 | 190320b ||||| |||| 00| 0 spa d | ||
| 040 |
_aMUNICIPALIDAD PROVINCIAL DEL CUSCO _cBIBLIOTECA MUNICIPAL DEL CUSCO |
||
| 041 | _heng. | ||
| 082 |
_a630 / _bE56 |
||
| 100 |
_aEstados Unidos. Department of Agriculture. _920713 |
||
| 245 | _aEnfermedades de las plantas / | ||
| 260 |
_aMéxico : _bEdit. Herrero, _c1965. |
||
| 300 |
_a1099 paginas ; _bLaminas, _c23 cm. |
||
| 440 |
_aThe yearbook of agriculture _920714 |
||
| 505 | _aContenido :Costos y Causas --Bases se control --El cultivo de las plantas mas saludables --Gramíneas y leguminosas -- Algodón --Granos para alimentos y pasturas ... | ||
| 650 |
_aEnfermedades _95611 |
||
| 650 |
_aAgricultura _9320 |
||
| 650 |
_aPlaga _920715 |
||
| 650 |
_aPlantas _919530 |
||
| 700 |
_aJose Meza Nieto (traductor) _920716 |
||
| 942 |
_2ddc _cLIBROS |
||
| 945 | _arjall | ||